01132nas a2200313 4500001001300000003000900013005001700022007000300039008003400042040005400076041000900130072001300139100003100152100002300183245012400206650001100330650001800341650002800359650001300387650001300400650002200413650002200435650002900457773010300486909004000589942001800629999001900647952015200666BR2013003095BR-BrBNA20231205122219.0ta230509b bl.|||p| |||| 00| 00por d aBR-BrBNAbporcBiblioteca Nacional de Agricultura a(Pt) aL40; L501 aNavega-Gonçalves, M.E.C.1 aSilva, J.R.M.C. da1 aSistema respiratório de Amphisbaena vermicularis e Amphisbaena microcephala (Squamata,n Amphisbaenia, Amphisbaenidae) aREPTIL aPALEONTOLOGIA aAPARELHO RESPIRATÓRIO aTRAQUEIA aPULMÃO aMORFOLOGIA ANIMAL aFISIOLOGIA ANIMAL aMICROSCOPIA ELETRÔNICA0 tIheringia. Série Zoologia (Brazil)xISSN 0073-4721g(Mar 2013), v. 103(1) p. 20-30wBR2013003095 a202311bLúciac55dLúcia Elande 2AGRISn0cANA c227505d227505 002AGRIS4071a41918b41918cPeriódicos Agrícolash(Mar 2013), v. 103(1) p. 20-30l0r2023-11-29t01yCRePortaria Interministerial nº 164/94